Statistics for Ranking 2000s Draft Picks

Click here to take the quiz!

General Stats

  • This quiz has been taken 6 times
  • The average score is 6 of 10

Answer Stats

HintAnswer% Correct
LACBlake Griffin
100%
CHIDerrick Rose
100%
ORLDwight Howard
100%
CLELeBron James
100%
HOUYao Ming
67%
MILAndrew Bogut
50%
PORGreg Oden
33%
BRKKenyon Martin
33%
WASKwame Brown
33%
TORAndrea Bargnani
17%

Score Distribution

Percentile by Number Answered

Percent of People with Each Score

Your Score History

You have not taken this quiz